| 000 | 01302nam0a22003251 4500 | ||
|---|---|---|---|
| 001 | rc\2277466 | ||
| 005 | 20260405222509.0 | ||
| 035 | _a(NLR Aleph) 006557297 | ||
| 090 |
_a6805598 _c6805598 |
||
| 100 | _a20110829d1979 |||y0rusy50 ca | ||
| 101 | 0 | _arus | |
| 102 | _aRU | ||
| 105 | _aa z ||||| | ||
| 200 | 1 |
_aПроцессы макро- и микроциркуляции в организме _eУчеб. пособие |
|
| 210 |
_aГорький _cГГУ _d1979 |
||
| 215 |
_a90 с. _cил. _d21 |
||
| 300 | _aВ надзаг.: Горьков. гос. ун-т им. Н.И. Лобачевского | ||
| 320 | _aБиблиогр.: с. 89 (8 назв.) | ||
| 606 |
_aМикроциркуляция и микроциркуляторная система _2psbo |
||
| 686 |
_aЕ911я73-1 _2rubbk |
||
| 700 | 1 |
_8rus _7ca _aОрлов _bБ. Н. _cд-р биол. наук _f1935- _gБорис Николаевич _3RU\NLR\AUTH\77100754 _983680 |
|
| 701 | 1 |
_8rus _7ca _aКрылов _bВ. Н. _cд-р биол. наук _f1947-2018 _gВасилий Николаевич _3RU\NLR\AUTH\7762384 _945314 |
|
| 801 | 0 |
_aRU _bNLR _gpsbo |
|
| 801 | 1 |
_aRU _bELAR _2rusmarc |
|
| 852 |
_aNLR _j80-6/3182 |
||
| 899 |
_aRuMoRGB _jB 80-5/356 |
||
| 899 |
_aRuMoRGB _jB 80-5/357 |
||
| 942 | _cBOOK | ||
| 980 | _aNB | ||